| 000 | 00639nam a2200229 4500 | ||
|---|---|---|---|
| 001 | 12892 | ||
| 003 | BD RJUL | ||
| 005 | 20211208235354.0 | ||
| 008 | 750827s1953 xx 000 0 eng | ||
| 035 | _aBD RJUL12942 | ||
| 040 |
_aDLC _cFBA _dBD RJUL _beng |
||
| 041 | _aeng | ||
| 082 |
_a630.068 _bEFP 1953 _223 |
||
| 100 | 1 |
_aEfferson, J. Norman _q(John Norman), _d1912-1990. _940166 |
|
| 245 | 1 | 0 | _aPrinciples of farm management / |
| 260 |
_aNew York : _bMcGraw-Hill, _c1953. |
||
| 300 |
_a431 p. : _bill. ; _c24 cm. |
||
| 504 | _aIncludes bibliography. | ||
| 650 | 0 |
_aFarm management. _940167 |
|
| 942 |
_2ddc _cBK |
||
| 999 |
_c12892 _d12892 |
||